000 00622nam a2200193 a 4500
005 20140310183547.0
008 111028s19uu xx 00 eng d
020 _a9781847870902
050 _aPE 1471
_b.Sh61 2010
100 _aShields, MunLing
245 _aEssay writing :
_ba student's guide /
_cMunLing Shields.
260 _aLondon :
_bSAGE,
_c2010.
300 _a224 p. :
_c22 cm.
650 _aEnglish language
_xRhetoric
_xProblems, exercises, etc.
650 _aEssays
_xAuthorship
_xProblems, exercises, etc.
650 _aReport writing
_xProblems, exercises, etc.
942 _cBK
_2lcc
_kFOR
999 _c24895
_d24895